[Event "V Open Semana Santa Alicante 2021"]
[Site "Alicante"]
[Date "2021.04.01"]
[Round "3.7"]
[White "Munoz Avila, Jose Luis"]
[Black "Diaz Camallonga, Carles"]
[Result "0-1"]
[WhiteElo "2202"]
[BlackElo "2469"]
[Annotator "TA"]
[PlyCount "86"]
[EventDate "2021.03.31"]
[EventType "swiss"]
[EventCountry "ESP"]
[SourceTitle "playchess.com"]
[Source "ChessBase"]
[SourceQuality "1"]

{[%evp 9,86,11,37,0,14,18,22,15,17,12,21,19,33,18,16,25,26,22,56,50,54,30,37,26,56,41,37,15,24,7,64,73,83,79,83,88,87,78,81,83,93,96,83,86,89,22,32,22,22,19,19,12,18,22,30,24,13,13,16,-84,-93,-96,-81,-91,-83,-131,-62,-64,-20,-31,-36,-42,-12,-139,-128,-897,-870,-1304,-1264]} 1. d4 e6 2. c4 Nf6 3. g3 Bb4+ 4. Bd2 a5 5. Bg2 d6 6. e4 {E00: Catalan Bogo-Indian (3 g3 Bb4+).} Nbd7 7. Ne2 e5 8. O-O {The position is equal.} O-O 9. Nbc3 exd4 10. Nxd4 Re8 11. Qc2 h6 12. h3 Ne5 13. b3 Bc5 14. Nf5 {[#]} Nc6 $146 ({Predecessor:} 14... c6 15. Rad1 Bxf5 16. exf5 Qc8 17. Na4 Qc7 18. Nxc5 dxc5 19. Be3 Nfd7 20. f6 Nxf6 21. Bxc5 {1-0 (67) Szotkowski,J (2270)-Kriebel,T (2428) Kouty nad Desnou 2015}) 15. Rad1 Bd7 16. Bc1 Qc8 17. Qb1 Ne7 {[%cal Re7f5]} 18. Nxe7+ Rxe7 19. Kh2 Qf8 (19... Qe8 $11) 20. a3 $14 Ba7 21. f4 Bc6 22. Rfe1 Rae8 23. Bb2 Bc5 24. Re2 Nd7 25. Rde1 Bd4 26. Nd5 Bxd5 27. Bxd4 (27. cxd5 $16 Bxb2 28. Qxb2) 27... Bc6 $11 28. Re3 b6 {[%cal Bb7b6,Bb6b5,Bb5b4][%mdl 32]} 29. Qc2 f6 30. b4 axb4 31. axb4 Qf7 32. c5 dxc5 33. bxc5 b5 34. e5 (34. Bb2 $11) 34... Bxg2 $17 35. Qxg2 fxe5 36. fxe5 Qc4 37. Bb2 Nf8 ({Don't go for} 37... Nxc5 $2 38. Rc1 $18) (37... Qxc5 $17 {[%cal Rd7e5]} 38. Rc3 Qb4) 38. c6 b4 39. Rc1 Qb5 40. Qe4 Ne6 (40... Rd8 $5 {[%cal Rd8d2]} 41. Rc2 Ne6 $15) 41. Rd3 (41. Rb3 $11 {keeps the balance.}) 41... Rf7 42. Qe2 {[%mdl 8192]} (42. Rd2 $17) 42... Ref8 $19 {[#] ( -> ...Rf2+)} 43. Kg1 Rf2 {Weighted Error Value: White=0.54/Black=0.10} 0-1

[Event "V Open Semana Santa Alicante 2021"]
[Site "Alicante"]
[Date "2021.04.01"]
[Round "3.8"]
[White "Ladron De Guevara Pinto, Paolo"]
[Black "Lopez Varela, Pablo"]
[Result "0-1"]
[WhiteElo "2440"]
[BlackElo "2209"]
[Annotator "TA"]
[PlyCount "76"]
[EventDate "2021.03.31"]
[EventType "swiss"]
[EventCountry "ESP"]
[SourceTitle "playchess.com"]
[Source "ChessBase"]
[SourceQuality "1"]

{[%evp 16,76,2,0,5,5,5,5,2,4,9,5,0,-5,-8,-12,0,-23,5,-20,0,0,0,-62,-45,-67,0,0,1,0,0,5,5,0,73,63,52,44,24,8,14,-8,-14,-6,-6,-29,-25,-41,-14,-31,-10,-37,-27,-36,-48,-70,-72,-53,233,236,498,-1620,-1604]} 1. d4 Nf6 2. c4 e6 3. Nc3 Bb4 4. e3 b6 5. Nf3 O-O 6. Bd2 Bb7 7. Bd3 c5 8. O-O {8.a3 is the modern continuation.} cxd4 9. Nxd4 d5 {E43: Nimzo-Indian: Rubinstein: 4...b6.} 10. cxd5 Nxd5 11. Qc2 Nf6 {[#] The position is equal.} 12. Rfd1 $146 ({Predecessor:} 12. a3 Bc5 13. Nb3 Bd6 14. e4 Nbd7 15. Rad1 Rc8 16. Rfe1 a5 17. Qb1 Ne5 18. Bg5 {0-1 (40) Szirmai,E (2275)-Lorincz,I (2340) Hungary 1992}) 12... Nbd7 13. a3 Bd6 14. h3 Rc8 15. Be1 Bb8 16. f4 Qe8 17. Qf2 e5 18. Nf5 g6 {...exf4 is the strong threat.} 19. Ng3 ({White should try} 19. Qh4 $11) 19... exf4 $15 20. exf4 Bd6 (20... Nc5 $15) 21. b4 $11 Bc7 22. Ra2 {Black should prevent Re2.} b5 $1 {Threatens to win with ...Bb6.} 23. Kh2 Bb6 24. Qf1 a6 (24... Qe6 $11 25. Qe2 a6) 25. Re2 $16 Qd8 26. Nge4 (26. Be4 $5 {[%cal Re4b7]} Qc7 27. Bxb7 Qxb7 28. Nge4 $14) 26... Qc7 27. Bb1 Nxe4 28. Nxe4 Bxe4 29. Bxe4 Nf6 30. Bb1 Rfe8 31. Rc2 Qb7 32. Rxc8 Rxc8 33. Qd3 Rd8 34. Qc2 Re8 35. Bc3 Nd5 {aiming for ...Qb8.} 36. Ba1 {Black must now prevent Qb2.} Nxf4 $2 {[%mdl 8192]} (36... Bc7 $1 $15 {stays ahead.} 37. Rxd5 (37. Qb2 Bxf4+ 38. Kh1 Be5 $17) 37... Bxf4+ 38. g3 Qxd5 39. gxf4 Qf3) 37. Qb2 $18 {[%csl Ga1][%cal Rb2h8]} Re5 $2 {[#]} (37... Qxg2+ {is a better defense.} 38. Qxg2 Nxg2) 38. Rf1 $4 {[%mdl 8192] [#]} (38. Rd7 $3 $18 {[%mdl 512]} Qc6 {[#]} (38... Qxd7 39. Qxe5) 39. Ba2 $1 {[%mdl 512]}) 38... Bd4 $1 {[%cal Rd4b2][%mdl 512] Weighted Error Value: White=0.35/Black=0.34} 0-1

[Event "V Open Semana Santa Alicante 2021"]
[Site "Alicante"]
[Date "2021.04.01"]
[Round "3.9"]
[White "Martinez Reyes, Pedro Ramon"]
[Black "Vilanova Corbi, Jorge"]
[Result "1/2-1/2"]
[WhiteElo "2427"]
[BlackElo "2200"]
[Annotator "TA"]
[PlyCount "249"]
[EventDate "2021.03.31"]
[EventType "swiss"]
[EventCountry "ESP"]
[SourceTitle "playchess.com"]
[Source "ChessBase"]
[SourceQuality "1"]

{[%evp 18,249,0,8,24,12,33,14,21,0,0,0,0,0,5,0,0,-10,0,0,0,0,0,0,0,0,0,4,7,0,0,0,7,0,0,0,4,0,0,0,0,0,0,0,0,0,0,0,0,0,0,0,0,0,0,0,8,0,0,0,0,0,0,0,0,0,0,0,0,0,0,0,0,0,0,0,18,0,0,0,0,0,0,0,0,0,18,0,18,0,0,0,0,0,0,0,0,0,0,0,0,0,18,0,0,0,0,0,0,0,0,0,0,0,0,0,0,0,0,0,0,0,0,0,0,0,0,0,0,0,0,0,0,0,0,0,0,0,0,0,0,0,0,0,0,0,0,0,0,0,0,0,0,0,0,0,0,0,0,0,0,0,0,0,0,0,0,0,8,0,0,0,0,0,0,0,0,0,0,0,0,0,0,0,0,0,0,0,0,0,0,0,0,0,0,0,0,0,0,0,0,0,0,0,0,0,0,0,0,0,0,0,0,0,0,0,0,0,0,0,0,0,0,0,0,0,0,0,0,0,0,-8,-8,-8]} 1. e4 c6 2. d3 d5 3. Nd2 {[%cal Bb1d2,Bd2b3,Bb3d4][%mdl 32]} e5 4. Ngf3 Bd6 5. d4 exd4 6. exd5 cxd5 7. Be2 Nc6 8. Nb3 Nge7 9. Nbxd4 O-O 10. O-O a6 {B10: Caro-Kann: 2 d3 and 2 c4.} 11. c3 Qc7 12. Be3 {[#]} Ng6 $146 {The position is equal.} ({Predecessor:} 12... Bd7 13. c4 dxc4 14. Bxc4 Nxd4 15. Qxd4 Nf5 16. Qd3 Nxe3 17. fxe3 Bf5 18. Qxf5 Qxc4 {½-½ (50) Nimzowitsch,A-Neumann,A Barmen 1905}) 13. Qb3 Nxd4 14. cxd4 Be6 15. Rac1 Qd7 16. Rfe1 Rac8 17. Qb6 Bc7 18. Qb3 h6 19. g3 Ba5 20. Bd2 Bxd2 21. Nxd2 Rxc1 22. Rxc1 Rc8 23. Rc3 Ne7 24. Qc2 Bf5 (24... Nc6 {with more complications.} 25. Nb3 Bf5 26. Qd2 Qe7 27. Bf3 Rd8) 25. Rxc8+ Qxc8 26. Qxc8+ Bxc8 $11 {[%mdl 4096] Endgame KBN-KBN} 27. f3 Nc6 28. Nb3 Kf8 29. Kf2 Ke7 30. Ke3 b6 31. a3 Kd6 32. Nc1 Ne7 33. Bd3 Nf5+ 34. Bxf5 Bxf5 {KB-KN} 35. g4 Bc2 36. Na2 Ba4 37. h4 g5 38. Nc3 Bd7 39. hxg5 hxg5 40. Ne2 f6 41. Nc3 Be6 42. Nd1 Bd7 43. Nf2 Ke7 44. f4 Kf7 45. Kf3 Be8 46. Nd1 Ke6 47. Nf2 Kf7 48. Nd3 a5 49. Nf2 Bb5 50. Nd1 Ke6 51. Nc3 Be8 52. Ke3 Bd7 53. Nd1 Kf7 54. Nf2 Bb5 55. Nh3 Bf1 56. Ng1 Bb5 57. b3 Be8 58. Nf3 Kg6 59. Nd2 Bd7 60. Kf3 f5 61. gxf5+ Bxf5 62. fxg5 Kxg5 63. Ke3 Bc2 64. b4 axb4 65. axb4 Kf5 66. Nf3 $1 Ba4 67. Nh4+ Kg5 68. Ng2 Kf5 69. Nf4 Bb3 70. Nd3 Bc4 {[#] ( -> ...Bxd3)} 71. Ne5 Bb5 72. Kf3 Be8 73. Nd3 Bb5 74. Nf4 Bc6 75. Ne2 Bd7 76. Nc3 Ke6 77. Kf4 Be8 78. Kg5 Bd7 79. Kg6 Be8+ 80. Kg5 Bd7 81. Ne2 Be8 82. Nf4+ Kd6 83. Kf6 Bb5 84. Ng6 $1 Ba4 85. Ne5 Be8 86. Kf5 Ba4 87. Kf6 Be8 88. Ng4 Ba4 89. Ne3 Bb3 90. Kf5 Ba2 91. Nd1 Bb1+ (91... Bb3 $5 {[%cal Rb3d1]} 92. Ne3 Bc4 $11) 92. Kf6 Bd3 93. Nc3 Bc4 94. Kf7 Kd7 (94... Bd3 {seems wilder.} 95. Kg7 Bf1 96. Kg6 Bc4 97. Kf7) 95. Na4 Kc6 {[#] Threatens to win with ...Kb5!} 96. Nc3 Kd7 97. Kf8 $1 Bb3 98. Kf7 Bc2 99. Kf6 Kd6 100. Nb5+ Kc6 101. Na3 Bh7 102. Ke5 b5 103. Kf4 Be4 104. Ke3 (104. Ke5 {keeps more tension.} Bh7) 104... Bg6 (104... Kb6 {is interesting.} 105. Kd2 Kc6 106. Ke3) 105. Kd2 Bf5 106. Kc1 $1 Be4 107. Kb2 Bf5 108. Kc3 Be4 109. Kd2 Bg6 110. Ke3 Be4 111. Kf4 Bd3 112. Ke5 Bh7 113. Kf6 Be4 114. Ke7 Bf5 115. Kd8 Kb6 116. Ke8 Kc6 117. Ke7 Be4 118. Ke8 Bf5 119. Kd8 Kb6 120. Ke7 Kc6 121. Kf6 Bh7 122. Ke6 $1 Be4 123. Ke5 Bh7 124. Nxb5 Kxb5 125. Kxd5 {Not much happened in this game.  Weighted Error Value: White=0.04/Black=0.03} 1/2-1/2

[Event "V Open Semana Santa Alicante 2021"]
[Site "Alicante"]
[Date "2021.04.01"]
[Round "3.10"]
[White "Calvo Simon, Jorge"]
[Black "Camacho Collados, Marcos"]
[Result "0-1"]
[WhiteElo "2188"]
[BlackElo "2400"]
[Annotator "TA"]
[PlyCount "102"]
[EventDate "2021.03.31"]
[EventType "swiss"]
[EventCountry "ESP"]
[SourceTitle "playchess.com"]
[Source "ChessBase"]
[SourceQuality "1"]

{[%evp 20,102,0,0,2,-20,-8,-29,-20,-33,-31,-25,0,-8,0,-31,0,1,-29,-39,-27,-38,-12,-68,-24,-20,0,0,21,24,8,0,22,20,20,20,27,26,37,32,15,0,0,0,0,0,0,-39,0,-19,-12,-14,-15,-37,-28,-28,-28,-28,-5,-8,0,0,0,-133,-45,-351,-344,-337,-337,-337,-337,-572,-568,-561,-561,-556,-554,-552,-541,-586,-586,-586,-586,-579,-568]} 1. c4 Nf6 2. g3 g6 3. Bg2 Bg7 4. Nf3 O-O 5. O-O c6 6. Nc3 d6 7. Rb1 e5 8. d3 a5 9. a3 Re8 10. b4 axb4 11. axb4 d5 {A24: English Opening vs King's Indian: Lines without ...Nc6.} 12. Nd2 Be6 13. Bb2 Nbd7 {Black has an edge.} 14. Qc2 {[#]} h5 $146 ({Predecessor:} 14... d4 15. Nce4 Nxe4 16. Nxe4 Qe7 17. c5 Nf6 18. Nxf6+ Bxf6 19. Ra1 Qd7 20. Rxa8 Rxa8 {½-½ (84) Hickl,J (2560)-Polzin,R (2464) Kallithea 2003}) 15. Ra1 Rxa1 16. Rxa1 h4 17. b5 Bh6 18. bxc6 bxc6 19. Na4 Bg4 20. Nb3 e4 21. dxe4 (21. cxd5 $11 cxd5 22. dxe4) 21... dxe4 (21... Nxe4 $5 {[%cal Rh4g3]} 22. cxd5 cxd5 $11) 22. e3 ({But not} 22. gxh4 Nh5 $17) 22... hxg3 23. hxg3 Ne5 24. Bxe5 ({Don't blunder} 24. Bxe4 $2 Nxe4 25. Bxe5 Rxe5 $19) 24... Rxe5 25. Nd4 Qc7 26. Nc3 {[%cal Rc3e4]} c5 27. Ndb5 Qc6 28. Qd2 Bf8 29. Ra7 Bf3 30. Qd8 Re8 31. Qc7 Qxc7 32. Nxc7 Rb8 33. Ra1 Rb4 34. Bxf3 (34. N7d5 {feels hotter.} Nxd5 35. Nxd5 Rxc4 36. Nf6+ Kg7 37. Ne8+) 34... exf3 35. N7d5 Nxd5 36. cxd5 $11 {[%mdl 4096] Endgame KRB-KRN} Bg7 37. Ra8+ Kh7 38. Na4 Rb1+ (38... c4 {is interesting.} 39. d6 c3 40. Nxc3 Bxc3 41. d7 Bf6) 39. Kh2 Rf1 {Threatens to win with ...c4.} (39... c4 {with more complications.} 40. d6 Rd1 41. Nb6 c3 42. d7 Bf6) 40. Nxc5 Rxf2+ 41. Kh3 {[#]} (41. Kg1 $11 {was the only way to keep the balance.} Re2 42. Ne4) 41... Rf1 (41... f5 $1 $17 {Hoping for ...g5.} 42. Ne6 Rf1) 42. Ra2 $2 {[%mdl 8192] [#] This costs White the game.} (42. Nd3 $15) 42... f2 $1 $19 {( -> ...Rh1+)} 43. Kg2 Rc1 44. Kxf2 Rxc5 {KRB-KR} 45. Rd2 $2 (45. Ra7 {was forced.}) 45... Rc7 {Black is clearly winning.} 46. Kf3 Be5 47. g4 Kg7 48. Ke4 Bd6 49. Ra2 Rc4+ 50. Kf3 Kf6 51. Ra7 Rc7 {Weighted Error Value: White=0.37/Black=0.12} 0-1

[Event "V Open Semana Santa Alicante 2021"]
[Site "Alicante"]
[Date "2021.04.02"]
[Round "4.1"]
[White "Diaz Camallonga, Carles"]
[Black "Yuffa, Daniil"]
[Result "0-1"]
[WhiteElo "2469"]
[BlackElo "2584"]
[Annotator "TA"]
[PlyCount "94"]
[EventDate "2021.03.31"]
[EventType "swiss"]
[EventCountry "ESP"]
[SourceTitle "playchess.com"]
[Source "ChessBase"]
[SourceQuality "1"]

{[%evp 10,94,16,18,44,33,51,11,17,13,35,19,17,12,20,17,35,27,36,36,36,30,46,29,30,40,50,38,48,49,52,22,37,-134,-127,-134,-79,-136,-127,-143,-147,-124,-141,-143,-138,-144,-156,-154,-152,-151,-124,-128,-124,-228,-228,-339,-352,-649,-627,-627,-602,-637,-610,-586,-483,-481,-356,-649,-652,-572,-352,-852,-839,-1160,-1091,-5261,-1031,-1031,-1031,-6218,-5900,-29985,-29986,-29988,-29983,-29983,-29984]} 1. e4 {Roiz,M} c6 2. Nc3 d5 3. Nf3 Bg4 4. h3 Bxf3 5. Qxf3 e6 6. Be2 g6 {6...Bc5 is setting a new trend. B11: Caro-Kann: Two Knights Variation.} 7. O-O Bg7 8. Rd1 (8. d4 $5) 8... d4 {The position is equal.} 9. Nb1 {[#]} h5 $5 $146 {[%mdl 8] New and interesting.} ({Predecessor:} 9... Ne7 10. d3 c5 11. a4 Nbc6 12. Na3 O-O 13. Qg3 a6 14. Bf4 e5 15. Bd2 Rb8 {0-1 (53) Perez Ponsa,F (2553)-Nakamura,H (2781) Caleta 2018 CBM 183 [Roiz,M]}) 10. d3 c5 11. a4 Nc6 12. Na3 h4 13. Nc4 Ne5 14. Nxe5 Bxe5 15. Qg4 Bd6 16. f4 Nf6 17. Qf3 {[#] e5 is the strong threat.} Bc7 18. c3 Nh5 19. cxd4 cxd4 20. e5 Ng3 21. Re1 $2 (21. Bd2 $14 {stays ahead.}) 21... Ba5 $17 22. Rd1 Qb6 (22... Rc8 $142 23. Bd2 Bxd2 24. Rxd2 Rc7) 23. Bd2 (23. Qf2 $142) 23... Bxd2 ({Resist} 23... Qxb2 24. Rab1 $15) 24. Rxd2 Rc8 25. Qf2 a5 26. Bf3 O-O 27. Rc2 Qb4 28. Rac1 Rxc2 29. Qxc2 Kg7 30. b3 Rb8 31. Kf2 (31. Kh2 $17) 31... b5 $19 32. Bc6 (32. Qa2 $142) 32... bxa4 33. Bxa4 {[#]} (33. bxa4 Rc8 34. Qa2) 33... Rc8 $3 {[%mdl 512]} 34. Qd1 Rc3 35. Rb1 Qc5 36. Kg1 Qc7 37. Kh2 Qb7 38. b4 $2 (38. Qg4 Nf5 39. Qg5) 38... axb4 39. Qg4 Qe7 40. Bb5 $2 (40. Qg5 Qxg5 41. fxg5) 40... b3 41. Ba4 b2 42. f5 Nxf5 (42... exf5 $142 43. Qxd4 Ne2) 43. Rxb2 Rxd3 44. Bc6 Qc7 45. Qe4 Re3 {Black mates.} 46. Rb7 Rxe4 47. Rxc7 Re1 {Weighted Error Value: White=0.97/Black=0.32} 0-1

[Event "V Open Semana Santa Alicante 2021"]
[Site "Alicante"]
[Date "2021.04.02"]
[Round "4.2"]
[White "Narciso Dublan, Marc"]
[Black "Plaskett, H James"]
[Result "1-0"]
[WhiteElo "2521"]
[BlackElo "2382"]
[Annotator "ChessBase"]
[PlyCount "63"]
[EventDate "2021.03.31"]
[EventType "swiss"]
[EventCountry "ESP"]
[SourceTitle "playchess.com"]
[Source "ChessBase"]
[SourceQuality "1"]
[TimeControl "5400+30"]

1. e4 {[%emt 0:00:00]} c5 {[%emt 0:01:15]} 2. Be2 {[%emt 0:00:01]} Nc6 {[%emt 0:01:24]} 3. f4 {[%emt 0:00:14]} e6 {[%emt 0:00:36]} 4. Nf3 {[%emt 0:00:32]} Nf6 {[%emt 0:01:00]} 5. d3 {[%emt 0:00:18]} d5 {[%emt 0:04:01]} 6. e5 {[%emt 0:00:52]} Nd7 {[%emt 0:00:05]} 7. O-O {[%emt 0:02:15]} g6 {[%emt 0:00:37]} 8. c3 {[%emt 0:05:15]} d4 {[%emt 0:05:47]} 9. Nbd2 {[%emt 0:04:54]} Be7 {[%emt 0:03:23]} 10. Ne4 {[%emt 0:02:59]} f5 {[%emt 0:00:27]} 11. exf6 {[%emt 0:01:45]} Nxf6 {[%emt 0:00:02]} 12. Nfg5 {[%emt 0:18:52]} O-O {[%emt 0:01:33]} 13. Qb3 {[%emt 0:07:52]} Nxe4 {[%emt 0:09:22]} 14. Nxe4 {[%emt 0:00:48]} Qd5 {[%emt 0:01:55]} 15. Bd2 {[%emt 0:04:49]} Qxb3 {[%emt 0:02:38]} 16. axb3 {[%emt 0:00:07]} Bd7 {[%emt 0:00:25]} 17. Rf2 {[%emt 0:11:13]} Rad8 {[%emt 0:04:53]} 18. c4 {[%emt 0:02:23]} a6 {[%emt 0:10:43]} 19. Bf1 {[%emt 0:04:21]} h6 {[%emt 0:01:56]} 20. g3 {[%emt 0:01:20]} Kg7 {[%emt 0:02:24]} 21. Bg2 {[%emt 0:01:26]} e5 {[%emt 0:06:53]} 22. Re1 {[%emt 0:01:35]} Rde8 {[%emt 0:03:20]} 23. h3 {[%emt 0:07:13]} Bf5 {[%emt 0:13:24]} 24. Rfe2 {[%emt 0:01:14]} Rd8 {[%emt 0:11:46]} 25. fxe5 {[%emt 0:03:20]} Nxe5 {[%emt 0:00:42]} 26. Nf2 {[%emt 0:00:52]} Bd6 {[%emt 0:01:39]} 27. Rxe5 {[%emt 0:00:22]} Bxe5 {[%emt 0:00:05]} 28. Rxe5 {[%emt 0:00:05]} Rfe8 {[%emt 0:00:33]} 29. Rxe8 {[%emt 0:04:29]} Rxe8 {[%emt 0:00:02]} 30. Ne4 {[%emt 0:03:45]} b6 {[%emt 0:08:34]} 31. b4 {[%emt 0:00:28]} g5 {[%emt 0:00:53]} 32. Kf2 {[%emt 0:05:20]} 1-0

[Event "V Open Semana Santa Alicante 2021"]
[Site "Alicante"]
[Date "2021.04.02"]
[Round "4.3"]
[White "Camacho Collados, Marcos"]
[Black "Del Rio De Angelis, Salvador G."]
[Result "0-1"]
[WhiteElo "2400"]
[BlackElo "2510"]
[Annotator "ChessBase"]
[PlyCount "105"]
[EventDate "2021.03.31"]
[EventType "swiss"]
[EventCountry "ESP"]
[SourceTitle "playchess.com"]
[Source "ChessBase"]
[SourceQuality "1"]
[TimeControl "5400+30"]

1. d4 {[%emt 0:00:13]} Nf6 {[%emt 0:00:00]} 2. Nf3 {[%emt 0:00:13]} d6 {[%emt 0:00:09]} 3. Nc3 {[%emt 0:01:36]} Bf5 {[%emt 0:00:51]} 4. Nh4 {[%emt 0:04:43]} Bd7 {[%emt 0:01:36]} 5. e4 {[%emt 0:00:45]} e5 {[%emt 0:00:07]} 6. Nf3 {[%emt 0:02:04]} Nc6 {[%emt 0:00:20]} 7. d5 {[%emt 0:02:46]} Ne7 {[%emt 0:00:24]} 8. a4 {[%emt 0:07:46]} Ng6 {[%emt 0:00:59]} 9. h4 {[%emt 0:03:48]} Be7 {[%emt 0:01:09]} 10. h5 {[%emt 0:01:01]} Nf8 {[%emt 0:00:26]} 11. h6 {[%emt 0:01:02]} g6 {[%emt 0:03:00]} 12. Be2 {[%emt 0:11:17]} a6 {[%emt 0:03:58]} 13. Nh2 {[%emt 0:07:25]} c6 {[%emt 0:07:09]} 14. Be3 {[%emt 0:04:46]} Bc8 {[%emt 0:08:46]} 15. O-O {[%emt 0:09:55]} N8d7 {[%emt 0:00:47]} 16. a5 {[%emt 0:04:35]} O-O {[%emt 0:00:26]} 17. Qd2 {[%emt 0:06:18]} Qc7 {[%emt 0:02:21]} 18. f4 {[%emt 0:04:25]} exf4 {[%emt 0:06:02]} 19. Bxf4 {[%emt 0:01:21]} b5 {[%emt 0:15:22]} 20. axb6 {[%emt 0:02:51]} Qxb6+ {[%emt 0:00:06]} 21. Be3 {[%emt 0:00:52]} Qc7 {[%emt 0:02:59]} 22. Bg5 {[%emt 0:04:05]} cxd5 {[%emt 0:00:27]} 23. exd5 {[%emt 0:00:17]} Qd8 {[%emt 0:00:30]} 24. Nf3 {[%emt 0:05:03]} Ng4 {[%emt 0:02:49]} 25. Ne4 {[%emt 0:07:07]} f5 {[%emt 0:12:12]} 26. Nd4 {[%emt 0:01:40]} Ndf6 {[%emt 0:08:03]} 27. Nxf6+ {[%emt 0:01:15]} Bxf6 {[%emt 0:00:25]} 28. Bxf6 {[%emt 0:00:23]} Nxf6 {[%emt 0:00:05]} 29. Bf3 {[%emt 0:01:34]} Bd7 {[%emt 0:01:57]} 30. Rfe1 {[%emt 0:02:02]} Qb6 {[%emt 0:00:45]} 31. c3 {[%emt 0:00:42]} Rae8 {[%emt 0:00:46]} 32. Rxe8 {[%emt 0:00:47]} Rxe8 {[%emt 0:00:19]} 33. Re1 {[%emt 0:00:10]} Re5 {[%emt 0:02:57]} 34. Kh1 {[%emt 0:00:37]} Rxe1+ {[%emt 0:03:34]} 35. Qxe1 {[%emt 0:00:01]} Qxb2 {[%emt 0:00:13]} 36. Nc6 {[%emt 0:02:01]} Qc2 {[%emt 0:05:29]} 37. Kh2 {[%emt 0:00:05]} Ne4 {[%emt 0:04:56]} 38. Qh4 {[%emt 0:00:07]} g5 {[%emt 0:00:05]} 39. Bxe4 {[%emt 0:00:53]} Qd2 {[%emt 0:00:05]} 40. Qg3 {[%emt 0:00:48]} fxe4 {[%emt 0:00:07]} 41. Qxd6 {[%emt 0:00:25]} Qf4+ {[%emt 0:01:32]} 42. Qxf4 {[%emt 0:00:02]} gxf4 {[%emt 0:00:06]} 43. Ne5 {[%emt 0:01:06]} Bf5 {[%emt 0:00:47]} 44. d6 {[%emt 0:00:25]} Kf8 {[%emt 0:01:18]} 45. c4 {[%emt 0:00:35]} a5 {[%emt 0:00:05]} 46. c5 {[%emt 0:00:25]} a4 {[%emt 0:00:05]} 47. c6 {[%emt 0:00:35]} a3 {[%emt 0:00:15]} 48. c7 {[%emt 0:00:36]} Ke8 {[%emt 0:00:09]} 49. g4 {[%emt 0:00:31]} fxg3+ {[%emt 0:00:18]} 50. Kxg3 {[%emt 0:00:02]} a2 {[%emt 0:00:09]} 51. Kf4 {[%emt 0:00:07]} Bh3 {[%emt 0:00:25]} 52. Kg3 {[%emt 0:00:58]} Bc8 {[%emt 0:00:22]} 53. Ng4 {[%emt 0:00:21]} 0-1

[Event "V Open Semana Santa Alicante 2021"]
[Site "Alicante"]
[Date "2021.04.02"]
[Round "4.4"]
[White "Cuenca Jimenez, Jose Fernando"]
[Black "Carbonell Sancho, Marc"]
[Result "1-0"]
[WhiteElo "2506"]
[BlackElo "2330"]
[Annotator "ChessBase"]
[PlyCount "77"]
[EventDate "2021.03.31"]
[EventType "swiss"]
[EventCountry "ESP"]
[SourceTitle "playchess.com"]
[Source "ChessBase"]
[SourceQuality "1"]
[TimeControl "5400+30"]

1. d4 {[%emt 0:00:25]} Nf6 {[%emt 0:00:00]} 2. c4 {[%emt 0:00:32]} g6 {[%emt 0:00:00]} 3. Nc3 {[%emt 0:00:10]} Bg7 {[%emt 0:00:06]} 4. e4 {[%emt 0:00:09]} O-O {[%emt 0:00:32]} 5. Be3 {[%emt 0:03:19]} c6 {[%emt 0:00:06]} 6. h3 {[%emt 0:28:52]} d5 {[%emt 0:00:28]} 7. cxd5 {[%emt 0:01:32]} cxd5 {[%emt 0:02:15]} 8. e5 {[%emt 0:00:03]} Ne4 {[%emt 0:07:36]} 9. Bd3 {[%emt 0:00:13]} Nxc3 {[%emt 0:01:10]} 10. bxc3 {[%emt 0:00:04]} Nc6 {[%emt 0:06:53]} 11. Nf3 {[%emt 0:07:46]} f6 {[%emt 0:02:10]} 12. exf6 {[%emt 0:01:50]} exf6 {[%emt 0:00:07]} 13. O-O {[%emt 0:09:13]} Be6 {[%emt 0:00:10]} 14. Re1 {[%emt 0:01:14]} Qd7 {[%emt 0:03:02]} 15. Qc2 {[%emt 0:07:14]} Rac8 {[%emt 0:02:13]} 16. Rab1 {[%emt 0:00:15]} Na5 {[%emt 0:04:01]} 17. h4 {[%emt 0:05:35]} Nc4 {[%emt 0:09:30]} 18. Rb3 {[%emt 0:06:50]} Nd6 {[%emt 0:15:44]} 19. Bf4 {[%emt 0:11:45]} Ne4 {[%emt 0:06:46]} 20. Nd2 {[%emt 0:00:06]} f5 {[%emt 0:01:48]} 21. Nf3 {[%emt 0:01:22]} b6 {[%emt 0:04:48]} 22. Ne5 {[%emt 0:01:42]} Qe7 {[%emt 0:00:59]} 23. g3 {[%emt 0:05:33]} Nd6 {[%emt 0:06:10]} 24. Qe2 {[%emt 0:02:01]} Ne4 {[%emt 0:00:22]} 25. Qb2 {[%emt 0:03:14]} Nd6 {[%emt 0:02:27]} 26. Qa3 {[%emt 0:00:45]} Rfd8 {[%emt 0:02:42]} 27. Bb5 {[%emt 0:01:08]} Bf7 {[%emt 0:06:32]} 28. Re3 {[%emt 0:00:16]} Qf8 {[%emt 0:02:59]} 29. Ba6 {[%emt 0:00:47]} Rc7 {[%emt 0:01:14]} 30. Bf1 {[%emt 0:00:32]} Nc4 {[%emt 0:04:13]} 31. Nxc4 {[%emt 0:00:27]} Rxc4 {[%emt 0:00:03]} 32. Qxa7 {[%emt 0:00:31]} Rc6 {[%emt 0:02:23]} 33. Rxb6 {[%emt 0:00:30]} Ra8 {[%emt 0:00:01]} 34. Qxa8 {[%emt 0:00:31]} Rxb6 {[%emt 0:00:23]} 35. Qxf8+ {[%emt 0:00:20]} Bxf8 {[%emt 0:00:02]} 36. a4 {[%emt 0:00:16]} Rb3 {[%emt 0:00:35]} 37. a5 {[%emt 0:00:24]} Ra3 {[%emt 0:00:35]} 38. a6 {[%emt 0:00:03]} Kg7 {[%emt 0:00:39]} 39. Bb8 {[%emt 0:00:55]} 1-0